<?xml version="1.0" encoding="UTF-8"?>
<record
    xmlns:xsi="http://www.w3.org/2001/XMLSchema-instance"
    xsi:schemaLocation="http://www.loc.gov/MARC21/slim http://www.loc.gov/standards/marcxml/schema/MARC21slim.xsd"
    xmlns="http://www.loc.gov/MARC21/slim">

  <leader>01143nam a22001697a 4500</leader>
  <controlfield tag="003">SGT</controlfield>
  <datafield tag="020" ind1=" " ind2=" ">
    <subfield code="a">9789380618784</subfield>
  </datafield>
  <datafield tag="082" ind1=" " ind2=" ">
    <subfield code="a">541.2242,SON</subfield>
  </datafield>
  <datafield tag="100" ind1=" " ind2=" ">
    <subfield code="a">SONI,P.L</subfield>
  </datafield>
  <datafield tag="245" ind1=" " ind2=" ">
    <subfield code="a">COORDINATION CHEMISTRY: METAL COMPLEX TRANSITION METAL CHEMISTRY WITH LANTHANIDES AND ACTINIDES </subfield>
  </datafield>
  <datafield tag="250" ind1=" " ind2=" ">
    <subfield code="a">1ST</subfield>
  </datafield>
  <datafield tag="260" ind1=" " ind2=" ">
    <subfield code="a">NEW DELHI</subfield>
    <subfield code="b">ANE BOOKS PVT.LTD.</subfield>
    <subfield code="c">2016</subfield>
  </datafield>
  <datafield tag="300" ind1=" " ind2=" ">
    <subfield code="a">170</subfield>
  </datafield>
  <datafield tag="650" ind1=" " ind2=" ">
    <subfield code="a">COORDINATION CHEMISTRY, CHEMISTRY</subfield>
  </datafield>
  <datafield tag="653" ind1=" " ind2=" ">
    <subfield code="a">PART I: CORDINATION CHEMISTRY (METAL COMPLEXES) 1. HISTORICAL BACKGROUND 2. INTRODUCTION  3. CORRECT EMPIRICAL FORMULA OF COMPLEXES 4. IUPAC NOMENCLATURE 5. ISOMERISM AND STEROCHEMISTRY 6. BONDING IN COMPLEXES 7. PREPARATION AND ISOLATION OF COMPLEXES 8. STABILITY OF COMPLEX ION 9. KINETICS OR INERT AND LABILE COMPLEXES 10. SUBSTITUTION REACTIONS IN COMPLEXES 11. METAL CARBONYLS AND NITROSYLS 12. ORGANOMETALLICS  PART II: COORDINATION CHEMISTRY (TRANSITION METAL CHEMISTRY) 1. GENERAL CHARACTERISTICS OF D-BLOCK ELEMENTS 2. TITANIUM GROUP 3. VANADIUM GROUP 4. CHROMIUM GROUP 5. THE COBALT GROUP 6. THE ZINC GROUP 7. INNER TRANSITION OF F-BLOCK ELEMENTS: THE LANTHANIDES 8. THE ACTINIDES</subfield>
  </datafield>
  <datafield tag="942" ind1=" " ind2=" ">
    <subfield code="2">ddc</subfield>
    <subfield code="c">FPS</subfield>
    <subfield code="0">3</subfield>
  </datafield>
  <datafield tag="952" ind1=" " ind2=" ">
    <subfield code="0">0</subfield>
    <subfield code="1">0</subfield>
    <subfield code="2">ddc</subfield>
    <subfield code="4">0</subfield>
    <subfield code="7">0</subfield>
    <subfield code="8">FS</subfield>
    <subfield code="a">SSSL</subfield>
    <subfield code="b">SSSL</subfield>
    <subfield code="c">TXT</subfield>
    <subfield code="d">2016-09-05</subfield>
    <subfield code="e">AHUJA BOOK</subfield>
    <subfield code="g">495.00</subfield>
    <subfield code="i">SGTU</subfield>
    <subfield code="l">0</subfield>
    <subfield code="o">541.2242,SON</subfield>
    <subfield code="p">PS2346</subfield>
    <subfield code="r">2016-09-05 00:00:00</subfield>
    <subfield code="w">2016-08-16</subfield>
    <subfield code="y">FPS</subfield>
    <subfield code="k">7161</subfield>
  </datafield>
  <datafield tag="952" ind1=" " ind2=" ">
    <subfield code="0">0</subfield>
    <subfield code="1">0</subfield>
    <subfield code="2">ddc</subfield>
    <subfield code="4">0</subfield>
    <subfield code="7">1</subfield>
    <subfield code="8">FS</subfield>
    <subfield code="a">SSSL</subfield>
    <subfield code="b">SSSL</subfield>
    <subfield code="c">REF</subfield>
    <subfield code="d">2016-09-05</subfield>
    <subfield code="e">AHUJA BOOK</subfield>
    <subfield code="g">495.00</subfield>
    <subfield code="i">SGTU</subfield>
    <subfield code="o">541.2242,SON</subfield>
    <subfield code="p">PS2347</subfield>
    <subfield code="r">2016-09-05 00:00:00</subfield>
    <subfield code="w">2016-08-16</subfield>
    <subfield code="y">FPS</subfield>
    <subfield code="k">7161</subfield>
  </datafield>
  <datafield tag="952" ind1=" " ind2=" ">
    <subfield code="0">0</subfield>
    <subfield code="1">0</subfield>
    <subfield code="2">ddc</subfield>
    <subfield code="4">0</subfield>
    <subfield code="7">0</subfield>
    <subfield code="8">FS</subfield>
    <subfield code="a">SSSL</subfield>
    <subfield code="b">SSSL</subfield>
    <subfield code="c">TXT</subfield>
    <subfield code="d">2016-09-05</subfield>
    <subfield code="e">AHUJA BOOK</subfield>
    <subfield code="g">495.00</subfield>
    <subfield code="i">SGTU</subfield>
    <subfield code="l">1</subfield>
    <subfield code="o">541.2242,SON</subfield>
    <subfield code="p">PS2348</subfield>
    <subfield code="r">2025-03-18 00:00:00</subfield>
    <subfield code="s">2025-02-06</subfield>
    <subfield code="w">2016-08-16</subfield>
    <subfield code="y">FPS</subfield>
    <subfield code="k">7161</subfield>
  </datafield>
  <datafield tag="952" ind1=" " ind2=" ">
    <subfield code="0">0</subfield>
    <subfield code="1">0</subfield>
    <subfield code="2">ddc</subfield>
    <subfield code="4">0</subfield>
    <subfield code="7">0</subfield>
    <subfield code="8">FS</subfield>
    <subfield code="a">SSSL</subfield>
    <subfield code="b">SSSL</subfield>
    <subfield code="c">TXT</subfield>
    <subfield code="d">2016-09-05</subfield>
    <subfield code="e">AHUJA BOOK</subfield>
    <subfield code="g">495.00</subfield>
    <subfield code="i">SGTU</subfield>
    <subfield code="l">3</subfield>
    <subfield code="o">541.2242,SON</subfield>
    <subfield code="p">PS2349</subfield>
    <subfield code="r">2020-12-04 00:00:00</subfield>
    <subfield code="s">2020-03-03</subfield>
    <subfield code="w">2016-08-16</subfield>
    <subfield code="y">FPS</subfield>
    <subfield code="k">7161</subfield>
  </datafield>
  <datafield tag="952" ind1=" " ind2=" ">
    <subfield code="0">0</subfield>
    <subfield code="1">0</subfield>
    <subfield code="2">ddc</subfield>
    <subfield code="4">0</subfield>
    <subfield code="7">0</subfield>
    <subfield code="8">FS</subfield>
    <subfield code="a">SSSL</subfield>
    <subfield code="b">SSSL</subfield>
    <subfield code="c">TXT</subfield>
    <subfield code="d">2016-09-05</subfield>
    <subfield code="e">AHUJA BOOK</subfield>
    <subfield code="g">495.00</subfield>
    <subfield code="i">SGTU</subfield>
    <subfield code="l">4</subfield>
    <subfield code="o">541.2242,SON</subfield>
    <subfield code="p">PS2350</subfield>
    <subfield code="r">2024-06-03 00:00:00</subfield>
    <subfield code="s">2024-05-20</subfield>
    <subfield code="w">2016-08-16</subfield>
    <subfield code="y">FPS</subfield>
    <subfield code="k">7161</subfield>
  </datafield>
  <datafield tag="999" ind1=" " ind2=" ">
    <subfield code="c">9854</subfield>
    <subfield code="d">9854</subfield>
  </datafield>
</record>
